00562nam a2200205 a 4500001001300000003000900013005001700022008004100039020002300080082002300103100002100126245005700147260003900204300000900243500003500252505001000287650001900297650001900316700002100335nice12345678IN_TiNIC20260116012733.0050524s1991 newa grp 000 0 eng  a8185425 c30000a323.39710954bMUS5 aMushirul Hasan,  aNationalism and Communal Politics in India 1885-1930 aNew DelhibManohar Publisherc1991 a338p aincludes index and biblioraphy2 aindex aPolitics-India aIndia-Politics1 aMushirul Hasan,